[Event "BIH-chT1"]
[Site "Bosanska Krupa"]
[Date "2018.08.29"]
[Round "7"]
[White "Avdic, Adnan A"]
[Black "Mahmutbegovic, Muharem"]
[Result "0-1"]
[WhiteElo "2046"]
[BlackElo "2018"]
[PlyCount "72"]
[EventDate "2018.08.25"]
[EventType "tourn"]
[EventRounds "9"]
[EventCountry "BIH"]
[SourceTitle "CBM 186 Extra"]
[Source "ChessBase"]
[SourceDate "2018.08.24"]
[SourceVersion "1"]
[SourceVersionDate "2018.08.24"]
[SourceQuality "1"]

1. d4 Nf6 2. Bg5 Ne4 3. Bc1 c5 4. f3 Nf6 5. d5 e5 6. e4 d6 7. Bb5+ Nbd7 8. Bg5 Be7 9. Bxf6 Bxf6 10. Nd2 a6 11. Bxd7+ Bxd7 12. Ne2 Bh4+ 13. g3 Bg5 14. h4 Be7 15. Nc4 g6 16. Qd2 b5 17. Ne3 f5 18. h5 Bf6 19. hxg6 hxg6 20. Rxh8+ Bxh8 21. 0-0-0 Qf6 22. Rh1 0-0-0 23. a4 b4 24. Qd3 Kb7 25. Rh7 Bg7 26. b3 Rh8 27. Rxh8 Bxh8 28. Nc4 Bg7 29. Kb2 Bh6 30. Nc1 fxe4 31. fxe4 Bg4 32. Na5+ Kb6 33. Nc4+ Ka7 34. Na2 Qf2 35. Nc1 Qe1 36. Na2 Be2 0-1

[Event "BIH-chT1"]
[Site "Bosanska Krupa"]
[Date "2018.08.26"]
[Round "2"]
[White "Avdic, Adnan A"]
[Black "Muratovic, Efim"]
[Result "0-1"]
[WhiteElo "2046"]
[BlackElo "2383"]
[PlyCount "61"]
[EventDate "2018.08.25"]
[EventType "tourn"]
[EventRounds "9"]
[EventCountry "BIH"]
[SourceTitle "CBM 186 Extra"]
[Source "ChessBase"]
[SourceDate "2018.08.24"]
[SourceVersion "1"]
[SourceVersionDate "2018.08.24"]
[SourceQuality "1"]

1. d4 c5 2. e3 e6 3. Nf3 Nf6 4. Bd3 d5 5. c3 Nc6 6. Nbd2 Be7 7. 0-0 0-0 8. Ne5 Bd7 9. f4 Be8 10. b3 Qb6 11. Bb2 a5 12. a4 Nd7 13. Qb1 f5 14. Nxd7 Bxd7 15. Bb5 Be8 16. Qd3 Rd8 17. Ba3 Na7 18. c4 dxc4 19. Nxc4 Bxb5 20. axb5 Qxb5 21. Qc3 Nc6 22. dxc5 Bf6 23. Qc2 Bxa1 24. Rxa1 Rd5 25. Qc3 Rfd8 26. Nd6 Qd3 27. Bb2 Qxc3 28. Bxc3 Rxc5 29. Nxb7 Rxc3 30. Nxd8 Nxd8 31. Rxa5 0-1

[Event "BIH-chT1"]
[Site "Bosanska Krupa"]
[Date "2018.08.26"]
[Round "3"]
[White "Budimir, Boris"]
[Black "Avdic, Adnan A"]
[Result "1/2-1/2"]
[WhiteElo "2203"]
[BlackElo "2046"]
[PlyCount "123"]
[EventDate "2018.08.25"]
[EventType "tourn"]
[EventRounds "9"]
[EventCountry "BIH"]
[SourceTitle "CBM 186 Extra"]
[Source "ChessBase"]
[SourceDate "2018.08.24"]
[SourceVersion "1"]
[SourceVersionDate "2018.08.24"]
[SourceQuality "1"]

1. e4 c5 2. Nf3 Nc6 3. d4 cxd4 4. Nxd4 Nf6 5. Nc3 Qb6 6. Nb3 e6 7. Be3 Qc7 8. a3 a6 9. Be2 Be7 10. 0-0 0-0 11. f4 d6 12. Qe1 b5 13. Qg3 Kh8 14. Bf3 Bb7 15. Rae1 b4 16. axb4 Nxb4 17. Qf2 Nd7 18. Nd4 Rac8 19. Qd2 Nc6 20. Rd1 Qb8 21. Rfe1 Na5 22. Qf2 Ba8 23. Bc1 Qb4 24. Nce2 Nc4 25. b3 Na5 26. c3 Qb6 27. Ba3 Rfd8 28. Bb4 Nb7 29. e5 Ndc5 30. exd6 Bxd6 31. Bxc5 Nxc5 32. Bxa8 Rxa8 33. b4 Ne4 34. Qe3 Nf6 35. Nc2 Qc7 36. g3 Rac8 37. Qf3 Qb6+ 38. Kg2 a5 39. bxa5 Qxa5 40. Ne3 Qc5 41. Rd3 e5 42. fxe5 Qxe5 43. Red1 Bc7 44. Rxd8+ Rxd8 45. Rxd8+ Bxd8 46. Ng4 Nxg4 47. Qxg4 f5 48. Qc4 g5 49. Qd4 Bf6 50. Qxe5 Bxe5 51. Nd4 Bxd4 52. cxd4 Kg7 53. Kf3 Kf6 54. h4 h6 55. hxg5+ hxg5 56. Ke3 Ke6 57. Ke2 Kd5 58. Kd3 Kc6 59. Kc4 Kd6 60. d5 f4 61. gxf4 gxf4 62. Kd4 1/2-1/2

[Event "BIH-chT1"]
[Site "Bosanska Krupa"]
[Date "2018.08.25"]
[Round "1"]
[White "Rajic, Ivan1111"]
[Black "Avdic, Adnan A"]
[Result "1/2-1/2"]
[WhiteElo "2012"]
[BlackElo "2046"]
[PlyCount "106"]
[EventDate "2018.08.25"]
[EventType "tourn"]
[EventRounds "9"]
[EventCountry "BIH"]
[SourceTitle "CBM 186 Extra"]
[Source "ChessBase"]
[SourceDate "2018.08.24"]
[SourceVersion "1"]
[SourceVersionDate "2018.08.24"]
[SourceQuality "1"]

1. e4 d6 2. d4 g6 3. f4 Bg7 4. Nf3 Nf6 5. Nc3 Bg4 6. h3 Bxf3 7. Qxf3 Nc6 8. Be3 e5 9. d5 Nd4 10. Qf2 c5 11. fxe5 dxe5 12. Bd3 0-0 13. 0-0 Ne8 14. Nd1 Nd6 15. c3 f5 16. cxd4 fxe4 17. Qd2 cxd4 18. Bg5 Qb6 19. Rxf8+ Bxf8 20. Bc2 d3+ 21. Be3 Nc4 22. Bxb6 Nxd2 23. Be3 dxc2 24. Bxd2 cxd1Q+ 25. Rxd1 Bc5+ 26. Kf1 Rd8 27. Bg5 Rd7 28. b3 Kg7 29. Ke2 Bd4 30. Rc1 h6 31. Be3 g5 32. Rc4 Kf6 33. Bxd4 exd4 34. Rxd4 Ke5 35. Ke3 Rxd5 36. Rxe4+ Kf5 37. Rc4 Ra5 38. a4 Re5+ 39. Kf3 Rd5 40. Ke3 Re5+ 41. Kf3 b5 42. Rc6 Rd5 43. g4+ Ke5 44. Ke3 bxa4 45. bxa4 Ra5 46. Rc4 Kd5 47. Kd3 Ra6 48. Rb4 Rf6 49. Rb7 Ra6 50. Rb4 Rf6 51. Rb7 a6 52. Rb4 Rf3+ 53. Ke2 Rxh3 1/2-1/2

[Event "Lukavac op 5th"]
[Site "Lukavac"]
[Date "2016.11.25"]
[Round "3"]
[White "Jovovic, Milan"]
[Black "Avdic, Adnan A"]
[Result "0-1"]
[WhiteElo "1974"]
[BlackElo "2030"]
[PlyCount "130"]
[EventDate "2016.11.24"]
[EventType "swiss"]
[EventRounds "7"]
[EventCountry "BIH"]
[SourceTitle "EXT 2019"]
[Source "ChessBase"]
[SourceDate "2018.10.10"]
[SourceVersion "1"]
[SourceVersionDate "2018.10.10"]
[SourceQuality "1"]

1. d4 Nf6 2. c4 e6 3. Nc3 Bb4 4. Qc2 d6 5. Nf3 Nbd7 6. a3 Bxc3+ 7. Qxc3 Ne4 8. Qc2 f5 9. e3 b6 10. b4 0-0 11. Bb2 Bb7 12. Rd1 g5 13. c5 Bd5 14. Bc4 Bxc4 15. Qxc4 d5 16. Qc2 g4 17. Ng1 a5 18. c6 Ndf6 19. Ne2 axb4 20. axb4 Qd6 21. 0-0 Qxb4 22. Nf4 Ra2 23. Nd3 Qa4 24. Qb1 Qa5 25. Qc2 Qb5 26. Rb1 Qc4 27. Rfc1 Qxc2 28. Rxc2 Rfa8 29. f3 Nd6 30. Ne5 R8a4 31. Rbc1 b5 32. Kf2 Nc4 33. Nd3 Kf7 34. Rb1 Na3 35. Rbc1 Nxc2 36. Rxc2 Ke7 37. h3 Rc4 38. Re2 Rxc6 39. Nb4 Rca6 40. Nxa6 Rxa6 41. Rc2 Kd7 42. hxg4 fxg4 43. Kg3 gxf3 44. gxf3 Ra2 45. Kf4 Kd6 46. Rh2 b4 47. e4 Nd7 48. e5+ Kc6 49. Rc2+ Kb6 50. Rh2 b3 51. Ke3 c5 52. Kd3 cxd4 53. Bxd4+ Nc5+ 54. Bxc5+ Kxc5 55. Rxh7 Rf2 56. Ke3 Rc2 57. Kd3 Rc4 58. Rb7 Rb4 59. Rc7+ Kb6 60. Rc1 b2 61. Rb1 Kc5 62. f4 d4 63. Ke4 Kc4 64. f5 exf5+ 65. Kxf5 Kc3 0-1

[Event "BIH-chT1B 22nd"]
[Site "Tuzla"]
[Date "2015.10.17"]
[Round "3.1"]
[White "Bajric, Samir"]
[Black "Avdic, Adnan A"]
[Result "1/2-1/2"]
[WhiteElo "2014"]
[BlackElo "2076"]
[PlyCount "102"]
[EventDate "2015.10.16"]
[EventType "team-tourn"]
[EventRounds "9"]
[EventCountry "BIH"]
[SourceTitle "CBM 169 Extra"]
[Source "ChessBase"]
[SourceDate "2015.12.18"]
[SourceVersion "1"]
[SourceVersionDate "2015.12.18"]
[SourceQuality "1"]

1. e4 Nf6 2. Nc3 d5 3. e5 Ne4 4. d4 Nxc3 5. bxc3 c5 6. a4 Nc6 7. Nf3 Bg4 8. Be2 e6 9. 0-0 Be7 10. Ba3 Qa5 11. Qd2 Bxf3 12. Bxf3 Nxd4 13. Bh5 g6 14. Bg4 h5 15. Bh3 Nc6 16. Qe3 d4 17. Qe4 0-0-0 18. c4 Qc3 19. a5 Kc7 20. a6 b6 21. g3 Qxc4 22. Bg2 Qd5 23. Qf4 Qxe5 24. Qxf7 Qf6 25. Qxf6 Bxf6 26. Rae1 Rd6 27. f4 Ne7 28. Rb1 Nd5 29. Rfe1 Kc6 30. Re4 Kd7 31. Bxc5 bxc5 32. Rb7+ Nc7 33. Rxa7 Rxa6 34. Rb7 Rha8 35. h4 Ra1+ 36. Kh2 Kc8 37. Rb6 Rb8 38. Rc6 Kd7 39. Rxc5 Rb5 40. Rc4 Nd5 41. Re2 Ne3 42. Bc6+ Kd6 43. Bxb5 Nxc4 44. Bxc4 e5 45. Bf7 Ra7 46. fxe5+ Bxe5 47. Bxg6 Rg7 48. Bxh5 Bxg3+ 49. Kh3 Bf4 50. Bg4 Be3 51. c3 Re7 1/2-1/2

[Event "Lukavac op 1st"]
[Site "Lukavac"]
[Date "2012.11.24"]
[Round "3"]
[White "Avdic, Mirza"]
[Black "Avdic, Adnan A"]
[Result "1-0"]
[WhiteElo "2274"]
[BlackElo "2098"]
[PlyCount "99"]
[EventDate "2012.11.23"]
[EventType "swiss"]
[EventRounds "7"]
[EventCountry "BIH"]
[SourceTitle "CBM 151 Extra"]
[Source "ChessBase"]
[SourceDate "2012.12.18"]
[SourceVersion "1"]
[SourceVersionDate "2012.12.18"]
[SourceQuality "1"]

1. c4 Nc6 2. Nc3 e5 3. e4 Bb4 4. Nge2 Nge7 5. g3 0-0 6. Bg2 f5 7. exf5 Nxf5 8. 0-0 Nfd4 9. Nd5 Bc5 10. Nxd4 Bxd4 11. d3 d6 12. Rb1 a5 13. a3 Be6 14. b4 axb4 15. axb4 Qd7 16. b5 Nd8 17. Be3 Bg4 18. Qb3 Ne6 19. Nb4 Bf3 20. Bh3 Qf7 21. Rbe1 Bxe3 22. fxe3 Ng5 23. Bg2 Qh5 24. h4 Bxg2 25. Kxg2 Nf3 26. Rd1 Qg4 27. Rh1 Rf7 28. Qc2 g5 29. hxg5 Nxg5 30. Rdf1 Raf8 31. Rxf7 Rxf7 32. Qd1 Rf3 33. Qe1 e4 34. Rh4 Qe6 35. dxe4 Rf7 36. Qe2 Rg7 37. Qd3 Qg6 38. Rf4 Nf7 39. Rf3 h5 40. Qd5 Kh7 41. Nd3 Ng5 42. Rf5 c6 43. bxc6 bxc6 44. Qxc6 Nf7 45. Qd5 Qxg3+ 46. Kf1 Qxe3 47. Rxf7 Qg1+ 48. Ke2 Qg4+ 49. Kd2 h4 50. Qf5+ 1-0

[Event "BIH-chT1B"]
[Site "Neum"]
[Date "2012.08.28"]
[Round "6.1"]
[White "Avdic, Adnan A"]
[Black "Marjanovic, Dejan"]
[Result "1-0"]
[WhiteElo "2095"]
[BlackElo "2177"]
[PlyCount "43"]
[EventDate "2012.08.25"]
[EventType "team-tourn"]
[EventRounds "9"]
[EventCountry "BIH"]
[SourceTitle "CBM 150 Extra"]
[Source "ChessBase"]
[SourceDate "2012.10.19"]
[SourceVersion "1"]
[SourceVersionDate "2012.10.19"]
[SourceQuality "1"]

1. d4 Nf6 2. Bg5 d5 3. Nd2 c5 4. e3 Nc6 5. Ngf3 e6 6. c3 Be7 7. Bd3 0-0 8. dxc5 Bxc5 9. e4 dxe4 10. Nxe4 Be7 11. Qe2 Nxe4 12. Qxe4 f5 13. Qe3 Bxg5 14. Nxg5 Qf6 15. f4 h6 16. Nf3 Bd7 17. 0-0-0 Rad8 18. Rhe1 a6 19. Qb6 Rb8 20. Bc4 Bc8 21. Rd6 Nd8 22. Qa7 1-0

[Event "BIH-chT1B"]
[Site "Neum"]
[Date "2012.08.27"]
[Round "4.2"]
[White "Avdic, Adnan A"]
[Black "Komadaric, Edin"]
[Result "0-1"]
[WhiteElo "2095"]
[BlackElo "2129"]
[PlyCount "118"]
[EventDate "2012.08.25"]
[EventType "team-tourn"]
[EventRounds "9"]
[EventCountry "BIH"]
[SourceTitle "CBM 150 Extra"]
[Source "ChessBase"]
[SourceDate "2012.10.19"]
[SourceVersion "1"]
[SourceVersionDate "2012.10.19"]
[SourceQuality "1"]

1. d4 d5 2. Bg5 c6 3. e3 Bf5 4. Bd3 Bg6 5. Bxg6 hxg6 6. Qd3 Nf6 7. Nd2 Nbd7 8. f4 Qa5 9. c3 c5 10. Ngf3 c4 11. Qe2 Ne4 12. Bh4 b5 13. a3 Qb6 14. 0-0 a5 15. Be1 Ndf6 16. Ng5 Nxd2 17. Bxd2 Qc6 18. a4 bxa4 19. Qd1 Nd7 20. Qxa4 Qxa4 21. Rxa4 Nb6 22. Ra2 e6 23. e4 Be7 24. exd5 exd5 25. Re1 Ra7 26. Re2 0-0 27. Ra1 a4 28. Nf3 f6 29. Re6 Rb7 30. Rae1 Kf7 31. Nh4 Nc8 32. Bc1 Rh8 33. g3 Rh5 34. Ra6 Ra7 35. Ree6 Rb7 36. Kf2 Rh8 37. f5 gxf5 38. Nxf5 Rxh2+ 39. Kf3 Rh1 40. Bf4 Rxb2 41. Rec6 Rh8 42. Rxa4 g6 43. Ne3 g5 44. Bc7 Rhh2 45. Nxd5 Rhf2+ 46. Ke4 Rbe2+ 47. Ne3 f5+ 48. Kd5 Rxe3 49. Raxc4 Bf8 50. Bd8 Ne7+ 51. Bxe7 Rxe7 52. Rd6 Ra7 53. Rd8 Re2 54. Rcc8 Bg7 55. c4 f4 56. gxf4 gxf4 57. c5 f3 58. c6 f2 59. Rd7+ Re7 0-1

[Event "BIH-chT1B"]
[Site "Neum"]
[Date "2012.08.26"]
[Round "2.3"]
[White "Avdic, Adnan A"]
[Black "Ribic, Kasmir"]
[Result "0-1"]
[WhiteElo "2095"]
[BlackElo "2307"]
[PlyCount "78"]
[EventDate "2012.08.25"]
[EventType "team-tourn"]
[EventRounds "9"]
[EventCountry "BIH"]
[SourceTitle "CBM 150 Extra"]
[Source "ChessBase"]
[SourceDate "2012.10.19"]
[SourceVersion "1"]
[SourceVersionDate "2012.10.19"]
[SourceQuality "1"]

1. d4 d5 2. Bg5 h6 3. Bf4 c6 4. e3 Qb6 5. Qc1 Bf5 6. c4 Nf6 7. Nc3 e6 8. Nf3 Nbd7 9. c5 Qd8 10. b4 Nh5 11. Be2 Nxf4 12. exf4 Be7 13. 0-0 g5 14. Ne5 gxf4 15. Qxf4 Qc7 16. g4 Bg5 17. Qg3 Bh7 18. f4 Be7 19. Qh3 Nxe5 20. fxe5 Bg5 21. Rf2 0-0-0 22. Raf1 Rhf8 23. b5 Kb8 24. Bd3 Bg8 25. Rb1 Qa5 26. Bf1 Ka8 27. Qg3 f5 28. gxf5 exf5 29. bxc6 bxc6 30. h4 f4 31. Qh3 f3 32. Rb3 Be3 33. e6 Qc7 34. Nd1 Bxd4 35. Ba6 Rb8 36. Kf1 Bxf2 37. Nxf2 Rxb3 38. axb3 Qe5 39. Nd1 Bxe6 0-1

[Event "Sarajevo Bosna op-B 42nd"]
[Site "Sarajevo"]
[Date "2012.05.11"]
[Round "9"]
[White "Sitnic, Adnan"]
[Black "Avdic, Adnan A"]
[Result "0-1"]
[WhiteElo "1935"]
[BlackElo "2089"]
[PlyCount "76"]
[EventDate "2012.05.05"]
[EventType "swiss"]
[EventRounds "9"]
[EventCountry "BIH"]
[SourceTitle "CBM 148 Extra"]
[Source "ChessBase"]
[SourceDate "2012.06.22"]
[SourceVersion "1"]
[SourceVersionDate "2012.06.22"]
[SourceQuality "1"]

1. e4 Nf6 2. e5 Nd5 3. c4 Nb6 4. d4 d6 5. f4 dxe5 6. fxe5 c5 7. d5 g6 8. Bd3 Bg7 9. Qe2 0-0 10. Nf3 Bg4 11. 0-0 e6 12. dxe6 fxe6 13. h3 Bxf3 14. Rxf3 Nc6 15. Rxf8+ Qxf8 16. Be4 Nd4 17. Qd3 Rd8 18. Bg5 Rd7 19. Nd2 Bxe5 20. Qa3 Ne2+ 21. Kh1 Rxd2 22. Bxd2 Ng3+ 23. Kg1 Nxe4 24. Rf1 Qd6 25. Be1 Nxc4 26. Qf3 Nf6 27. Bc3 Nd2 28. Bxd2 Qxd2 29. Qxb7 Qe3+ 30. Kh1 Qg3 31. Kg1 Qh2+ 32. Kf2 Qf4+ 33. Ke2 Qc4+ 34. Kf2 Ne4+ 35. Kg1 Bd4+ 36. Kh2 Qxf1 37. Qxe4 Qg1+ 38. Kg3 Qe3+ 0-1

[Event "Sarajevo Bosna op-B 42nd"]
[Site "Sarajevo"]
[Date "2012.05.06"]
[Round "2"]
[White "Avdic, Adnan A"]
[Black "Cabric, Izet"]
[Result "1-0"]
[WhiteElo "2089"]
[BlackElo "1968"]
[PlyCount "105"]
[EventDate "2012.05.05"]
[EventType "swiss"]
[EventRounds "9"]
[EventCountry "BIH"]
[SourceTitle "CBM 148 Extra"]
[Source "ChessBase"]
[SourceDate "2012.06.22"]
[SourceVersion "1"]
[SourceVersionDate "2012.06.22"]
[SourceQuality "1"]

1. d4 Nf6 2. Bg5 c5 3. Bxf6 exf6 4. dxc5 Bxc5 5. e3 0-0 6. Bd3 Qb6 7. Qc1 Nc6 8. Nd2 d5 9. c3 Re8 10. Be2 g6 11. Nb3 Bf8 12. Nf3 f5 13. g3 Ne5 14. Nxe5 Rxe5 15. Qd2 Bh6 16. Qd4 Qe6 17. Nc5 Qd6 18. Bf3 Re7 19. Qxd5 Qb6 20. 0-0-0 Be6 21. Qd6 Qxd6 22. Rxd6 Rb8 23. Bd5 Bxd5 24. Rxd5 b5 25. Rhd1 Kg7 26. Rd7 Bg5 27. Na6 Rbe8 28. Nc7 Rb8 29. Rxe7 Bxe7 30. Rd7 Kf8 31. b4 Bd8 32. Nd5 a5 33. a3 axb4 34. axb4 h5 35. h4 g5 36. hxg5 Bxg5 37. Rd6 Rd8 38. Rxd8+ Bxd8 39. Kd2 Ke8 40. Kd3 Kd7 41. Nf4 h4 42. gxh4 Bxh4 43. f3 Bg3 44. Ne2 f4 45. exf4 Bh2 46. Ke4 Kc6 47. Ke5 Kd7 48. Kd5 Ke7 49. Kc5 Kf6 50. Kxb5 Kf5 51. Kc5 Bxf4 52. Nxf4 Kxf4 53. b5 1-0

[Event "Tuzla op 16th"]
[Site "Tuzla"]
[Date "2009.12.25"]
[Round "3"]
[White "Avdic, Adnan A"]
[Black "Sprecic, Mustafa"]
[Result "0-1"]
[WhiteElo "2094"]
[BlackElo "2320"]
[PlyCount "111"]
[EventDate "2009.12.24"]
[EventType "swiss"]
[EventRounds "7"]
[EventCountry "BIH"]
[SourceTitle "EXT 2019"]
[Source "ChessBase"]
[SourceDate "2018.10.10"]
[SourceVersion "1"]
[SourceVersionDate "2018.10.10"]
[SourceQuality "1"]

1. d4 g6 2. Bg5 Bg7 3. c3 d5 4. Nd2 Nf6 5. Bxf6 Bxf6 6. f4 Bf5 7. Qb3 b6 8. e3 0-0 9. Be2 c6 10. Ngf3 Bg7 11. 0-0 Nd7 12. Ng5 Nf6 13. h3 h6 14. Ngf3 Be4 15. Ne5 Rc8 16. Qa4 Qc7 17. Ba6 b5 18. Qb4 Rb8 19. Nb3 Rb6 20. Nc5 Rfb8 21. b3 e6 22. a4 bxa4 23. Qxa4 Bc2 24. Qa5 Ne8 25. b4 Qe7 26. Ned7 Bf8 27. Rf2 Bf5 28. Nxb8 Rxb8 29. Bf1 Nc7 30. Na6 Rc8 31. Nxc7 Rxc7 32. Rfa2 g5 33. g3 f6 34. Qa6 Qh7 35. Qe2 Bb1 36. Rb2 Be4 37. Bg2 Bd3 38. Qd1 Rg7 39. Rd2 Be4 40. Kh2 h5 41. Qh1 Bf5 42. Re1 Qg6 43. Kg1 gxf4 44. gxf4 Bd6 45. Qh2 h4 46. Kh1 Qh6 47. Rf2 Rg3 48. Rf3 Qg6 49. Rxg3 hxg3 50. Qg1 Qh5 51. Qf1 Kf7 52. Qf3 Qh4 53. Rg1 Bxh3 54. Ra1 Bg4+ 55. Kg1 Bxf3 56. Bxf3 0-1